Sociedades hospitalarias. Costa Rica y la acogida de inmigrantes /

Spremljeno u:
Bibliografski detalji
Glavni autor: Jiménez Matarrita, Alexander
Daljnji autori: ed.
Format: Tekst
Izdano: San José: Arlekin
Teme:
Oznake: Dodaj oznaku
Bez oznaka, Budi prvi tko označuje ovaj zapis!

MARC

LEADER 00000 a a2200000 04500
001 31577
003
040
020 |a 9968-834-60-45  
090 |a 199000  
100 |a Jiménez Matarrita, Alexander  
245 |a Sociedades hospitalarias. Costa Rica y la acogida de inmigrantes /  |c Alexander Jiménez Matarrita 
260 |a San José:   |b Arlekin  
300 |a 152 p  
650 |a INMIGRACION  
650 |a IDENTIDAD CULTURAL  
650 |a DISCRIMINACION RACIAL  
650 |a POLITICA MIGRATORIA  
700 |a ed.  
999 |c 11962  |d 11962